000 00293nam a22001337a 4500
008 170929b xxu||||| |||| 00| 0 eng d
020 _a9780321273765
041 _aeng
080 _22ND
_a37
100 _a47
101 _aEDU
245 _aTHE PENGUIN HANDBOOK
_cFAIGLEY,L
942 _2udc
_cBK
999 _c30619
_d30619